书目信息 |
| 题名: |
道德经
|
|
| 作者: | 李耳 著 | |
| 分册: | ||
| 出版信息: | 北京 蓝天出版社 2010.11 |
|
| 页数: | 464页 | |
| 开本: | 28cm | |
| 丛书名: | ||
| 单 册: | ||
| 中图分类: | B223.11 | |
| 科图分类: | ||
| 主题词: | 先秦哲学 | |
| 电子资源: | ||
| ISBN: | 7-5074-1715-8 | |
| 000 | 00542nam0 2200193 450 | |
| 001 | 1655056213 | |
| 005 | 20160405151901.67 | |
| 010 | @a7-5074-1715-8@dCNY58.00 | |
| 100 | @a20160405d2010 km y0chiy0120 ea | |
| 101 | 0 | @achi |
| 102 | @aCN@b110000 | |
| 200 | 1 | @a道德经@Adao de jing@f(春秋)李耳著@F(chun qiu)li er zhu |
| 210 | @a北京@c蓝天出版社@d2010.11 | |
| 215 | @a464页@d28cm | |
| 606 | 0 | @a先秦哲学 |
| 690 | @aB223.11@v4 | |
| 701 | 0 | @a李耳@Ali er@4著 |
| 801 | 0 | @aCN@b大连网信软件有限公司图书馆·11@c20160405 |
| 905 | @aZUCC@dB223.11@eL1571 | |
| 道德经/(春秋)李耳著.-北京:蓝天出版社,2010.11 |
| 464页;28cm |
| ISBN 7-5074-1715-8:CNY58.00 |
| ● |
| 相关链接 |
|
|
|
正题名:道德经
索取号:B223.11/L1571
 
预约/预借
| 序号 | 登录号 | 条形码 | 馆藏地/架位号 | 状态 | 备注 |
| 1 | 1222500 | 212225000 | 社科库509/509社科库 12排2列4层/ [索取号:B223.11/L1571] | 在馆 |